000 00379nam a2200121 4500
999 _c11094
_d11094
008 181012b ||||| |||| 00| 0 eng d
100 _932106
_aSalaverria, Leila B.
245 _aTeachers' pay 'will be raised' not doubled'/
_cLeila B. Salaverria
260 _aPhilippines
_bPhilippine Daily Inquirer
_cc2018
300 _apage A6.
650 0 _932107
_aTeachers.
942 _2ddc
_cPER